Statistics for Nordrhein-Westfalen Top 10 Cities by population

Click here to take the quiz!

General Stats

  • This quiz has been taken 18 times
  • The average score is 8 of 10

Answer Stats

PopulationCity% Correct
586,291Düsseldorf
100%
1,005,775Köln
100%
571,143Dortmund
93%
566,201Essen
93%
305,765Bonn
87%
488,468Duisburg
73%
326,870Bielefeld
67%
362,286Bochum
67%
342,661Wuppertal
67%
289,576Münster
33%

Score Distribution

Percentile by Number Answered

Percent of People with Each Score

Your Score History

You have not taken this quiz